000
00217nam a2200097Ia 4500
008
220204s9999 xx 000 0 und d
082
_a
82-3
_b
SIN
100
_a
Narenderpal Singh
245
0
_a
Flaming hills
942
_c
BK
999
_c
29524
_d
29524